Diseño de 3 km de la carretera al Guayacán-Las Mesas

La investigación a borda sobre las obras viales o la construcción de carreteras son proyectos de gran impacto económico en las sociedades, tanto por su costo de ejecución como por su contribución al desarrollo de las mismas. Este trabajo hace énfasis en el diseño geométrico, hidrotécnico, e...

Full description

Bibliographic Details
Main Authors: Sotomayor Tinoco, Erick Rodrigo|, Sotomayor Tinoco, Ariel Hildebrando, Salinas Rojas, Guillermo Antonio
Other Authors: Tutor: López Peña, Orlando Anastasio
Format: Tesis Section = Libro
Language:Undetermined
Spanish
Published: Managua UNI 2007
Subjects:
LEADER 01258nam a2200277Ia 4500
008 240830s9999 xx 000 0 und d
040 |a BIBLIOTECA-RUPAP T.Mon 625.8 S718 
041 |a spa 
082 |a T.Mon 625.8 S718 
100 1 |a Sotomayor Tinoco, Erick Rodrigo| 
100 1 |b Sotomayor Tinoco, Ariel Hildebrando 
100 1 |c Salinas Rojas, Guillermo Antonio 
245 1 0 |a Diseño de 3 km de la carretera al Guayacán-Las Mesas 
260 |a Managua  |b UNI  |c 2007 
300 |a 118 p. :il. 
500 |a Contiene: anexos. 
502 |a Tesis (Ingeniero Civil)- UNI, 2007. 
520 3 |a La investigación a borda sobre las obras viales o la construcción de carreteras son proyectos de gran impacto económico en las sociedades, tanto por su costo de ejecución como por su contribución al desarrollo de las mismas. Este trabajo hace énfasis en el diseño geométrico, hidrotécnico, estructura de pavimento, cálculo de volúmenes en corte y relleno, diagrama de masa 
650 7 |a PAVIMENTOS 
650 7 |b PAVIMENTOS-DISEÑO Y CONSTRIUCCION 
650 7 |c CARRETERAS-MANTENIMIENTO Y REPARACION 
650 7 |d OBRAS DE DRENAJE 
700 1 |a Tutor:  |b López Peña, Orlando Anastasio 
942 |c BK  |2 ddc 
991 |a TESIS 
999 |c 18257